38820 2216609 4500001002100000005001500021035002000036007000300056008004100059020002000100082000800120084001400128100001600142245007400158250001100232260003100243300003300274700001500307990001600322990001600338990001600354990001600370990001600386990001600402990001600418990001600434990001600450990001600466990001600482990001600498990001600514990001600530990001600546990001600562990001600578990001600594990001600610990001600626990001600642990001600658990001600674990001600690990001600706990001600722990001600738990001600754990001600770990001600786990001600802990001600818990001600834990001600850990001600866990001600882990001600898990001600914990001600930990001600946990001600962990001600978990001600994990001601010990001601026990001601042990001601058990001601074990001601090990001601106990001601122990001601138990001601154990001601170990001601186990001601202990001601218990001601234990001601250990001601266990001601282990001601298990001601314990001601330990001601346990001601362990001601378990001601394990001601410990001601426990001601442990001601458990001601474990001601490990001601506990001601522990001601538990001601554990001601570990001601586990001601602990001601618990001601634990001601650990001601666990001601682990001601698990001601714990001601730990001601746990001601762990001601778990001601794990001601810990001601826990001601842990001601858990001601874990001601890990001601906990001601922990001601938990001601954990001601970990001601986990001602002990001602018990001602034990001602050990001602066990001602082990001602098990001602114990001602130990001602146990001602162990001602178990001602194990001602210990001602226990001602242990001602258990001602274990001602290990001602306990001602322990001602338990001602354990001602370990001602386990001602402990001602418990001602434990001602450990001602466990001602482990001602498990001602514990001602530990001602546990001602562990001602578990001602594990001602610990001602626990001602642990001602658990001602674990001602690990001602706990001602722990001602738990001602754990001602770990001602786990001602802990001602818990001602834990001602850990001602866990001602882990001602898990001602914990001602930990001602946990001602962990001602978990001602994990001603010990001603026990001603042990001603058990001603074990001603090990001603106990001603122990001603138990001603154990001603170990001603186990001603202990001603218990001603234990001603250990001603266990001603282990001603298990001603314990001603330990001603346990001603362990001603378990001603394990001603410990001603426990001603442990001603458990001603474990001603490990001603506990001603522990001603538990001603554990001603570990001603586990001603602990001603618990001603634990001603650990001603666990001603682990001603698990001603714990001603730990001603746990001603762990001603778990001603794990001603810990001603826990001603842990001603858990001603874990001603890990001603906990001603922990001603938990001603954990001603970990001603986990001604002990001604018990001604034990001604050990001604066990001604082990001604098990001604114990001604130990001604146990001604162990001604178990001604194990001604210990001604226990001604242990001604258990001604274990001604290990001604306990001604322990001604338990001604354990001604370990001604386990001604402990001604418990001604434990001604450990001604466990001604482990001604498990001604514990001604530990001604546990001604562990001604578990001604594990001604610990001604626990001604642990001604658990001604674990001604690990001604706990001604722990001604738990001604754990001604770990001604786990001604802990001604818990001604834990001604850990001604866990001604882990001604898990001604914990001604930990001604946990001604962990001604978990001604994990001605010990001605026990001605042990001605058990001605074990001605090990001605106990001605122990001605138990001605154990001605170990001605186990001605202990001605218990001605234990001605250990001605266990001605282990001605298990001605314990001605330990001605346990001605362990001605378990001605394990001605410990001605426990001605442990001605458990001605474990001605490990001605506990001605522990001605538990001605554990001605570990001605586990001605602990001605618990001605634990001605650990001605666990001605682990001605698990001605714990001605730990001605746990001605762990001605778990001605794990001605810990001605826990001605842990001605858990001605874990001605890990001605906990001605922990001605938990001605954990001605970990001605986990001606002990001606018990001606034990001606050990001606066990001606082990001606098990001606114990001606130990001606146990001606162990001606178990001606194990001606210990001606226990001606242990001606258990001606274990001606290990001606306990001606322990001606338990001606354990001606370990001606386990001606402990001606418990001606434990001606450990001606466990001606482990001606498990001606514990001606530990001606546990001606562990001606578990001606594990001606610990001606626990001606642990001606658990001606674990001606690990001606706990001606722990001606738990001606754990001606770990001606786990001606802990001606818990001606834990001606850990001606866990001606882990001606898990001606914990001606930990001606946990001606962990001606978990001606994990001607010990001607026990001607042990001607058990001607074990001607090990001607106990001607122990001607138990001607154990001607170990001607186990001607202990001607218990001607234990001607250990001607266990001607282990001607298990001607314990001607330990001607346990001607362990001607378990001607394990001607410990001607426990001607442990001607458990001607474990001607490990001607506990001607522990001607538990001607554990001607570990001607586990001607602990001607618990001607634990001607650990001607666990001607682990001607698990001607714990001607730990001607746990001607762990001607778990001607794990001607810990001607826990001607842990001607858990001607874990001607890990001607906990001607922990001607938990001607954990001607970990001607986990001608002990001608018990001608034990001608050990001608066990001608082990001608098990001608114990001608130990001608146990001608162990001608178990001608194990001608210990001608226990001608242990001608258990001608274990001608290990001608306990001608322990001608338990001608354990001608370990001608386990001608402990001608418990001608434990001608450990001608466990001608482990001608498990001608514990001608530990001608546990001608562990001608578990001608594990001608610990001608626990001608642990001608658990001608674990001608690990001608706990001608722990001608738990001608754990001608770990001608786990001608802990001608818990001608834990001608850990001608866990001608882990001608898990001608914990001608930990001608946990001608962990001608978990001608994990001609010990001609026990001609042990001609058990001609074990001609090990001609106990001609122990001609138990001609154990001609170990001609186990001609202990001609218990001609234990001609250990001609266990001609282990001609298990001609314990001609330990001609346990001609362990001609378990001609394990001609410990001609426990001609442990001609458990001609474990001609490990001609506990001609522990001609538990001609554990001609570990001609586990001609602990001609618990001609634990001609650990001609666990001609682990001609698990001609714990001609730990001609746990001609762990001609778990001609794990001609810990001609826990001609842990001609858990001609874990001609890990001609906990001609922990001609938990001609954990001609970990001609986990001610002990001610018990001610034990001610050990001610066990001610082990001610098990001610114990001610130990001610146990001610162990001610178990001610194990001610210990001610226990001610242990001610258990001610274990001610290990001610306990001610322990001610338990001610354990001610370990001610386990001610402990001610418990001610434990001610450990001610466990001610482990001610498990001610514990001610530990001610546990001610562990001610578990001610594990001610610990001610626990001610642990001610658990001610674990001610690990001610706990001610722990001610738990001610754990001610770990001610786990001610802990001610818990001610834990001610850990001610866990001610882990001610898990001610914990001610930990001610946990001610962990001610978990001610994990001611010990001611026990001611042990001611058990001611074990001611090990001611106990001611122990001611138990001611154990001611170990001611186990001611202990001611218990001611234990001611250990001611266990001611282990001611298990001611314990001611330990001611346990001611362990001611378990001611394990001611410990001611426990001611442990001611458990001611474990001611490990001611506990001611522990001611538990001611554990001611570990001611586990001611602990001611618990001611634990001611650990001611666990001611682990001611698990001611714990001611730990001611746990001611762990001611778990001611794990001611810990001611826990001611842990001611858990001611874990001611890990001611906990001611922990001611938990001611954990001611970990001611986990001612002990001612018990001612034990001612050990001612066990001612082990001612098990001612114990001612130990001612146990001612162990001612178990001612194990001612210990001612226990001612242990001612258990001612274990001612290990001612306990001612322990001612338990001612354990001612370990001612386990001612402990001612418990001612434990001612450990001612466990001612482990001612498990001612514990001612530990001612546990001612562990001612578990001612594990001612610990001612626990001612642990001612658990001612674990001612690990001612706990001612722990001612738990001612754990001612770990001612786990001612802990001612818990001612834990001612850990001612866990001612882990001612898990001612914990001612930990001612946990001612962990001612978990001612994990001613010990001613026990001613042990001613058990001613074990001613090990001613106990001613122990001613138990001613154990001613170990001613186990001613202990001613218990001613234990001613250990001613266990001613282990001613298990001613314990001613330990001613346990001613362990001613378990001613394990001613410990001613426990001613442990001613458990001613474990001613490990001613506990001613522990001613538990001613554990001613570990001613586990001613602990001613618990001613634990001613650990001613666990001613682990001613698990001613714990001613730990001613746990001613762990001613778990001613794990001613810990001613826990001613842990001613858990001613874990001613890990001613906990001613922990001613938990001613954990001613970990001613986990001614002990001614018990001614034990001614050990001614066990001614082990001614098990001614114990001614130990001614146990001614162990001614178990001614194990001614210990001614226990001614242990001614258990001614274990001614290990001614306990001614322990001614338990001614354990001614370990001614386990001614402990001614418990001614434990001614450990001614466990001614482990001614498990001614514990001614530990001614546990001614562990001614578990001614594990001614610990001614626990001614642990001614658990001614674990001614690990001614706990001614722990001614738990001614754990001614770990001614786990001614802990001614818990001614834990001614850990001614866990001614882990001614898990001614914990001614930990001614946990001614962990001614978990001614994990001615010990001615026990001615042990001615058990001615074990001615090990001615106990001615122990001615138990001615154990001615170990001615186990001615202990001615218990001615234990001615250990001615266990001615282990001615298990001615314990001615330990001615346990001615362990001615378990001615394990001615410990001615426990001615442990001615458990001615474990001615490990001615506990001615522990001615538990001615554990001615570990001615586990001615602990001615618990001615634990001615650990001615666990001615682990001615698990001615714990001615730990001615746990001615762990001615778990001615794990001615810990001615826990001615842990001615858990001615874990001615890990001615906990001615922990001615938990001615954990001615970990001615986990001616002990001616018990001616034990001616050990001616066990001616082990001616098990001616114990001616130990001616146990001616162990001616178990001616194990001616210990001616226990001616242990001616258990001616274990001616290990001616306990001616322990001616338990001616354990001616370990001616386990001616402990001616418990001616434990001616450990001616466990001616482990001616498990001616514990001616530990001616546990001616562990001616578990001616594990001616610990001616626990001616642990001616658990001616674990001616690990001616706990001616722990001616738990001616754990001616770990001616786990001616802990001616818990001616834990001616850990001616866990001616882990001616898990001616914990001616930990001616946990001616962990001616978990001616994990001617010990001617026990001617042990001617058990001617074990001617090990001617106990001617122990001617138990001617154990001617170990001617186990001617202990001617218990001617234990001617250990001617266990001617282990001617298990001617314990001617330990001617346990001617362990001617378990001617394990001617410990001617426990001617442990001617458990001617474990001617490990001617506990001617522990001617538990001617554990001617570990001617586990001617602990001617618990001617634990001617650990001617666990001617682990001617698990001617714990001617730990001617746990001617762990001617778990001617794990001617810990001617826990001617842990001617858990001617874990001617890990001617906990001617922990001617938990001617954990001617970990001617986990001618002990001618018990001618034990001618050990001618066990001618082990001618098990001618114990001618130990001618146990001618162990001618178990001618194990001618210990001618226990001618242990001618258990001618274990001618290990001618306990001618322990001618338990001618354990001618370990001618386990001618402990001618418990001618434990001618450990001618466990001618482990001618498990001618514990001618530990001618546990001618562990001618578990001618594990001618610990001618626990001618642990001618658990001618674990001618690990001618706990001618722990001618738990001618754990001618770990001618786990001618802990001618818990001618834990001618850990001618866990001618882990001618898990001618914990001618930990001618946990001618962990001618978990001618994990001619010990001619026990001619042990001619058990001619074990001619090990001619106990001619122990001619138990001619154990001619170990001619186990001619202990001619218990001619234990001619250990001619266990001619282990001619298990001619314990001619330990001619346990001619362990001619378990001619394990001619410990001619426990001619442990001619458990001619474990001619490990001619506990001619522990001619538990001619554990001619570990001619586990001619602990001619618990001619634990001619650990001619666990001619682990001619698990001619714990001619730990001619746990001619762990001619778990001619794990001619810990001619826990001619842990001619858990001619874990001619890990001619906990001619922990001619938990001619954990001619970990001619986990001620002990001620018990001620034990001620050990001620066990001620082990001620098990001620114990001620130990001620146990001620162990001620178990001620194990001620210990001620226990001620242990001620258990001620274990001620290990001620306990001620322990001620338990001620354990001620370990001620386990001620402990001620418990001620434990001620450990001620466990001620482990001620498990001620514990001620530990001620546990001620562990001620578990001620594990001620610990001620626990001620642990001620658990001620674990001620690990001620706990001620722990001620738990001620754990001620770990001620786990001620802990001620818990001620834990001620850990001620866990001620882990001620898990001620914990001620930990001620946990001620962990001620978990001620994990001621010990001621026990001621042990001621058990001621074990001621090990001621106990001621122990001621138990001621154990001621170990001621186990001621202990001621218990001621234990001621250990001621266990001621282990001621298990001621314990001621330990001621346990001621362990001621378990001621394990001621410990001621426990001621442990001621458990001621474990001621490990001621506990001621522990001621538990001621554990001621570990001621586990001621602990001621618990001621634990001621650990001621666990001621682990001621698990001621714990001621730990001621746990001621762990001621778990001621794990001621810990001621826990001621842990001621858990001621874990001621890990001621906990001621922990001621938990001621954990001621970990001621986990001622002990001622018990001622034990001622050990001622066990001622082990001622098990001622114990001622130990001622146990001622162990001622178990001622194INLIS00000000000154120230717085819 a0010-0723000001ta230717 0 ind  a978-623-266-786 a410 a410 IMA k0 aImam Taufik1 aKompeten Berbahasa Indonesia :bUntuk SMA/MA Kelas XI /cTim Edukatif aCet. 1 aJakarta :bErlangga,c2022 axii + 268 ;c17.5 cm x 25 cm0 aRusmiyanto a00000013733 a00000013734 a00000013735 a00000013736 a00000013737 a00000013738 a00000013739 a00000013740 a00000013741 a00000013742 a00000013743 a00000013744 a00000013745 a00000013746 a00000013747 a00000013748 a00000013749 a00000013750 a00000013751 a00000013752 a00000013753 a00000013754 a00000013755 a00000013756 a00000013757 a00000013758 a00000013759 a00000013760 a00000013761 a00000013762 a00000013763 a00000013764 a00000013765 a00000013766 a00000013767 a00000013768 a00000013768 a00000013733 a00000013734 a00000013735 a00000013736 a00000013737 a00000013738 a00000013739 a00000013740 a00000013741 a00000013742 a00000013743 a00000013744 a00000013745 a00000013746 a00000013747 a00000013748 a00000013749 a00000013750 a00000013751 a00000013752 a00000013753 a00000013754 a00000013755 a00000013756 a00000013757 a00000013758 a00000013759 a00000013760 a00000013761 a00000013762 a00000013763 a00000013764 a00000013765 a00000013766 a00000013767 a00000013768 a00000013733 a00000013734 a00000013735 a00000013736 a00000013737 a00000013738 a00000013739 a00000013740 a00000013741 a00000013742 a00000013743 a00000013744 a00000013745 a00000013746 a00000013747 a00000013748 a00000013749 a00000013750 a00000013751 a00000013752 a00000013753 a00000013754 a00000013755 a00000013756 a00000013757 a00000013758 a00000013759 a00000013760 a00000013761 a00000013762 a00000013763 a00000013764 a00000013765 a00000013766 a00000013767 a00000013767 a00000013733 a00000013734 a00000013735 a00000013736 a00000013737 a00000013738 a00000013739 a00000013740 a00000013741 a00000013742 a00000013743 a00000013744 a00000013745 a00000013746 a00000013747 a00000013748 a00000013749 a00000013750 a00000013751 a00000013752 a00000013753 a00000013754 a00000013755 a00000013756 a00000013757 a00000013758 a00000013759 a00000013760 a00000013761 a00000013762 a00000013763 a00000013764 a00000013765 a00000013766 a00000013768 a00000013765 a00000013733 a00000013734 a00000013735 a00000013736 a00000013737 a00000013738 a00000013739 a00000013740 a00000013741 a00000013742 a00000013743 a00000013744 a00000013745 a00000013746 a00000013747 a00000013748 a00000013749 a00000013750 a00000013751 a00000013752 a00000013753 a00000013754 a00000013755 a00000013756 a00000013757 a00000013758 a00000013759 a00000013760 a00000013761 a00000013762 a00000013763 a00000013764 a00000013766 a00000013767 a00000013768 a00000013766 a00000013733 a00000013734 a00000013735 a00000013736 a00000013737 a00000013738 a00000013739 a00000013740 a00000013741 a00000013742 a00000013743 a00000013744 a00000013745 a00000013746 a00000013747 a00000013748 a00000013749 a00000013750 a00000013751 a00000013752 a00000013753 a00000013754 a00000013755 a00000013756 a00000013757 a00000013758 a00000013759 a00000013760 a00000013761 a00000013762 a00000013763 a00000013764 a00000013765 a00000013767 a00000013768 a00000013764 a00000013733 a00000013734 a00000013735 a00000013736 a00000013737 a00000013738 a00000013739 a00000013740 a00000013741 a00000013742 a00000013743 a00000013744 a00000013745 a00000013746 a00000013747 a00000013748 a00000013749 a00000013750 a00000013751 a00000013752 a00000013753 a00000013754 a00000013755 a00000013756 a00000013757 a00000013758 a00000013759 a00000013760 a00000013761 a00000013762 a00000013763 a00000013765 a00000013766 a00000013767 a00000013768 a00000013763 a00000013733 a00000013734 a00000013735 a00000013736 a00000013737 a00000013738 a00000013739 a00000013740 a00000013741 a00000013742 a00000013743 a00000013744 a00000013745 a00000013746 a00000013747 a00000013748 a00000013749 a00000013750 a00000013751 a00000013752 a00000013753 a00000013754 a00000013755 a00000013756 a00000013757 a00000013758 a00000013759 a00000013760 a00000013761 a00000013762 a00000013764 a00000013765 a00000013766 a00000013767 a00000013768 a00000013762 a00000013733 a00000013734 a00000013735 a00000013736 a00000013737 a00000013738 a00000013739 a00000013740 a00000013741 a00000013742 a00000013743 a00000013744 a00000013745 a00000013746 a00000013747 a00000013748 a00000013749 a00000013750 a00000013751 a00000013752 a00000013753 a00000013754 a00000013755 a00000013756 a00000013757 a00000013758 a00000013759 a00000013760 a00000013761 a00000013763 a00000013764 a00000013765 a00000013766 a00000013767 a00000013768 a00000013761 a00000013733 a00000013734 a00000013735 a00000013736 a00000013737 a00000013738 a00000013739 a00000013740 a00000013741 a00000013742 a00000013743 a00000013744 a00000013745 a00000013746 a00000013747 a00000013748 a00000013749 a00000013750 a00000013751 a00000013752 a00000013753 a00000013754 a00000013755 a00000013756 a00000013757 a00000013758 a00000013759 a00000013760 a00000013762 a00000013763 a00000013764 a00000013765 a00000013766 a00000013767 a00000013768 a00000013760 a00000013733 a00000013734 a00000013735 a00000013736 a00000013737 a00000013738 a00000013739 a00000013740 a00000013741 a00000013742 a00000013743 a00000013744 a00000013745 a00000013746 a00000013747 a00000013748 a00000013749 a00000013750 a00000013751 a00000013752 a00000013753 a00000013754 a00000013755 a00000013756 a00000013757 a00000013758 a00000013759 a00000013761 a00000013762 a00000013763 a00000013764 a00000013765 a00000013766 a00000013767 a00000013768 a00000013759 a00000013733 a00000013734 a00000013735 a00000013736 a00000013737 a00000013738 a00000013739 a00000013740 a00000013741 a00000013742 a00000013743 a00000013744 a00000013745 a00000013746 a00000013747 a00000013748 a00000013749 a00000013750 a00000013751 a00000013752 a00000013753 a00000013754 a00000013755 a00000013756 a00000013757 a00000013758 a00000013760 a00000013761 a00000013762 a00000013763 a00000013764 a00000013765 a00000013766 a00000013767 a00000013768 a00000013758 a00000013733 a00000013734 a00000013735 a00000013736 a00000013737 a00000013738 a00000013739 a00000013740 a00000013741 a00000013742 a00000013743 a00000013744 a00000013745 a00000013746 a00000013747 a00000013748 a00000013749 a00000013750 a00000013751 a00000013752 a00000013753 a00000013754 a00000013755 a00000013756 a00000013757 a00000013759 a00000013760 a00000013761 a00000013762 a00000013763 a00000013764 a00000013765 a00000013766 a00000013767 a00000013768 a00000013757 a00000013733 a00000013734 a00000013735 a00000013736 a00000013737 a00000013738 a00000013739 a00000013740 a00000013741 a00000013742 a00000013743 a00000013744 a00000013745 a00000013746 a00000013747 a00000013748 a00000013749 a00000013750 a00000013751 a00000013752 a00000013753 a00000013754 a00000013755 a00000013756 a00000013758 a00000013759 a00000013760 a00000013761 a00000013762 a00000013763 a00000013764 a00000013765 a00000013766 a00000013767 a00000013768 a00000013756 a00000013733 a00000013734 a00000013735 a00000013736 a00000013737 a00000013738 a00000013739 a00000013740 a00000013741 a00000013742 a00000013743 a00000013744 a00000013745 a00000013746 a00000013747 a00000013748 a00000013749 a00000013750 a00000013751 a00000013752 a00000013753 a00000013754 a00000013755 a00000013757 a00000013758 a00000013759 a00000013760 a00000013761 a00000013762 a00000013763 a00000013764 a00000013765 a00000013766 a00000013767 a00000013768 a00000013755 a00000013733 a00000013734 a00000013735 a00000013736 a00000013737 a00000013738 a00000013739 a00000013740 a00000013741 a00000013742 a00000013743 a00000013744 a00000013745 a00000013746 a00000013747 a00000013748 a00000013749 a00000013750 a00000013751 a00000013752 a00000013753 a00000013754 a00000013756 a00000013757 a00000013758 a00000013759 a00000013760 a00000013761 a00000013762 a00000013763 a00000013764 a00000013765 a00000013766 a00000013767 a00000013768 a00000013753 a00000013733 a00000013734 a00000013735 a00000013736 a00000013737 a00000013738 a00000013739 a00000013740 a00000013741 a00000013742 a00000013743 a00000013744 a00000013745 a00000013746 a00000013747 a00000013748 a00000013749 a00000013750 a00000013751 a00000013752 a00000013754 a00000013755 a00000013756 a00000013757 a00000013758 a00000013759 a00000013760 a00000013761 a00000013762 a00000013763 a00000013764 a00000013765 a00000013766 a00000013767 a00000013768 a00000013754 a00000013733 a00000013734 a00000013735 a00000013736 a00000013737 a00000013738 a00000013739 a00000013740 a00000013741 a00000013742 a00000013743 a00000013744 a00000013745 a00000013746 a00000013747 a00000013748 a00000013749 a00000013750 a00000013751 a00000013752 a00000013753 a00000013755 a00000013756 a00000013757 a00000013758 a00000013759 a00000013760 a00000013761 a00000013762 a00000013763 a00000013764 a00000013765 a00000013766 a00000013767 a00000013768 a00000013752 a00000013733 a00000013734 a00000013735 a00000013736 a00000013737 a00000013738 a00000013739 a00000013740 a00000013741 a00000013742 a00000013743 a00000013744 a00000013745 a00000013746 a00000013747 a00000013748 a00000013749 a00000013750 a00000013751 a00000013753 a00000013754 a00000013755 a00000013756 a00000013757 a00000013758 a00000013759 a00000013760 a00000013761 a00000013762 a00000013763 a00000013764 a00000013765 a00000013766 a00000013767 a00000013768 a00000013751 a00000013733 a00000013734 a00000013735 a00000013736 a00000013737 a00000013738 a00000013739 a00000013740 a00000013741 a00000013742 a00000013743 a00000013744 a00000013745 a00000013746 a00000013747 a00000013748 a00000013749 a00000013750 a00000013752 a00000013753 a00000013754 a00000013755 a00000013756 a00000013757 a00000013758 a00000013759 a00000013760 a00000013761 a00000013762 a00000013763 a00000013764 a00000013765 a00000013766 a00000013767 a00000013768 a00000013750 a00000013733 a00000013734 a00000013735 a00000013736 a00000013737 a00000013738 a00000013739 a00000013740 a00000013741 a00000013742 a00000013743 a00000013744 a00000013745 a00000013746 a00000013747 a00000013748 a00000013749 a00000013751 a00000013752 a00000013753 a00000013754 a00000013755 a00000013756 a00000013757 a00000013758 a00000013759 a00000013760 a00000013761 a00000013762 a00000013763 a00000013764 a00000013765 a00000013766 a00000013767 a00000013768 a00000013749 a00000013733 a00000013734 a00000013735 a00000013736 a00000013737 a00000013738 a00000013739 a00000013740 a00000013741 a00000013742 a00000013743 a00000013744 a00000013745 a00000013746 a00000013747 a00000013748 a00000013750 a00000013751 a00000013752 a00000013753 a00000013754 a00000013755 a00000013756 a00000013757 a00000013758 a00000013759 a00000013760 a00000013761 a00000013762 a00000013763 a00000013764 a00000013765 a00000013766 a00000013767 a00000013768 a00000013733 a00000013734 a00000013735 a00000013736 a00000013737 a00000013738 a00000013739 a00000013740 a00000013741 a00000013742 a00000013743 a00000013744 a00000013745 a00000013746 a00000013747 a00000013748 a00000013749 a00000013750 a00000013751 a00000013752 a00000013753 a00000013754 a00000013755 a00000013756 a00000013757 a00000013758 a00000013759 a00000013760 a00000013761 a00000013762 a00000013763 a00000013764 a00000013765 a00000013766 a00000013767 a00000013768 a00000013748 a00000013733 a00000013734 a00000013735 a00000013736 a00000013737 a00000013738 a00000013739 a00000013740 a00000013741 a00000013742 a00000013743 a00000013744 a00000013745 a00000013746 a00000013747 a00000013749 a00000013750 a00000013751 a00000013752 a00000013753 a00000013754 a00000013755 a00000013756 a00000013757 a00000013758 a00000013759 a00000013760 a00000013761 a00000013762 a00000013763 a00000013764 a00000013765 a00000013766 a00000013767 a00000013768 a00000013747 a00000013733 a00000013734 a00000013735 a00000013736 a00000013737 a00000013738 a00000013739 a00000013740 a00000013741 a00000013742 a00000013743 a00000013744 a00000013745 a00000013746 a00000013748 a00000013749 a00000013750 a00000013751 a00000013752 a00000013753 a00000013754 a00000013755 a00000013756 a00000013757 a00000013758 a00000013759 a00000013760 a00000013761 a00000013762 a00000013763 a00000013764 a00000013765 a00000013766 a00000013767 a00000013768 a00000013746 a00000013733 a00000013734 a00000013735 a00000013736 a00000013737 a00000013738 a00000013739 a00000013740 a00000013741 a00000013742 a00000013743 a00000013744 a00000013745 a00000013747 a00000013748 a00000013749 a00000013750 a00000013751 a00000013752 a00000013753 a00000013754 a00000013755 a00000013756 a00000013757 a00000013758 a00000013759 a00000013760 a00000013761 a00000013762 a00000013763 a00000013764 a00000013765 a00000013766 a00000013767 a00000013768 a00000013745 a00000013733 a00000013734 a00000013735 a00000013736 a00000013737 a00000013738 a00000013739 a00000013740 a00000013741 a00000013742 a00000013743 a00000013744 a00000013746 a00000013747 a00000013748 a00000013749 a00000013750 a00000013751 a00000013752 a00000013753 a00000013754 a00000013755 a00000013756 a00000013757 a00000013758 a00000013759 a00000013760 a00000013761 a00000013762 a00000013763 a00000013764 a00000013765 a00000013766 a00000013767 a00000013768 a00000013744 a00000013733 a00000013734 a00000013735 a00000013736 a00000013737 a00000013738 a00000013739 a00000013740 a00000013741 a00000013742 a00000013743 a00000013745 a00000013746 a00000013747 a00000013748 a00000013749 a00000013750 a00000013751 a00000013752 a00000013753 a00000013754 a00000013755 a00000013756 a00000013757 a00000013758 a00000013759 a00000013760 a00000013761 a00000013762 a00000013763 a00000013764 a00000013765 a00000013766 a00000013767 a00000013768 a00000013743 a00000013733 a00000013734 a00000013735 a00000013736 a00000013737 a00000013738 a00000013739 a00000013740 a00000013741 a00000013742 a00000013744 a00000013745 a00000013746 a00000013747 a00000013748 a00000013749 a00000013750 a00000013751 a00000013752 a00000013753 a00000013754 a00000013755 a00000013756 a00000013757 a00000013758 a00000013759 a00000013760 a00000013761 a00000013762 a00000013763 a00000013764 a00000013765 a00000013766 a00000013767 a00000013768 a00000013742 a00000013733 a00000013734 a00000013735 a00000013736 a00000013737 a00000013738 a00000013739 a00000013740 a00000013741 a00000013743 a00000013744 a00000013745 a00000013746 a00000013747 a00000013748 a00000013749 a00000013750 a00000013751 a00000013752 a00000013753 a00000013754 a00000013755 a00000013756 a00000013757 a00000013758 a00000013759 a00000013760 a00000013761 a00000013762 a00000013763 a00000013764 a00000013765 a00000013766 a00000013767 a00000013768 a00000013741 a00000013733 a00000013734 a00000013735 a00000013736 a00000013737 a00000013738 a00000013739 a00000013740 a00000013742 a00000013743 a00000013744 a00000013745 a00000013746 a00000013747 a00000013748 a00000013749 a00000013750 a00000013751 a00000013752 a00000013753 a00000013754 a00000013755 a00000013756 a00000013757 a00000013758 a00000013759 a00000013760 a00000013761 a00000013762 a00000013763 a00000013764 a00000013765 a00000013766 a00000013767 a00000013768 a00000013740 a00000013733 a00000013734 a00000013735 a00000013736 a00000013737 a00000013738 a00000013739 a00000013741 a00000013742 a00000013743 a00000013744 a00000013745 a00000013746 a00000013747 a00000013748 a00000013749 a00000013750 a00000013751 a00000013752 a00000013753 a00000013754 a00000013755 a00000013756 a00000013757 a00000013758 a00000013759 a00000013760 a00000013761 a00000013762 a00000013763 a00000013764 a00000013765 a00000013766 a00000013767 a00000013768 a00000013739 a00000013733 a00000013734 a00000013735 a00000013736 a00000013737 a00000013738 a00000013740 a00000013741 a00000013742 a00000013743 a00000013744 a00000013745 a00000013746 a00000013747 a00000013748 a00000013749 a00000013750 a00000013751 a00000013752 a00000013753 a00000013754 a00000013755 a00000013756 a00000013757 a00000013758 a00000013759 a00000013760 a00000013761 a00000013762 a00000013763 a00000013764 a00000013765 a00000013766 a00000013767 a00000013768 a00000013738 a00000013733 a00000013734 a00000013735 a00000013736 a00000013737 a00000013739 a00000013740 a00000013741 a00000013742 a00000013743 a00000013744 a00000013745 a00000013746 a00000013747 a00000013748 a00000013749 a00000013750 a00000013751 a00000013752 a00000013753 a00000013754 a00000013755 a00000013756 a00000013757 a00000013758 a00000013759 a00000013760 a00000013761 a00000013762 a00000013763 a00000013764 a00000013765 a00000013766 a00000013767 a00000013768 a00000013737 a00000013733 a00000013734 a00000013735 a00000013736 a00000013738 a00000013739 a00000013740 a00000013741 a00000013742 a00000013743 a00000013744 a00000013745 a00000013746 a00000013747 a00000013748 a00000013749 a00000013750 a00000013751 a00000013752 a00000013753 a00000013754 a00000013755 a00000013756 a00000013757 a00000013758 a00000013759 a00000013760 a00000013761 a00000013762 a00000013763 a00000013764 a00000013765 a00000013766 a00000013767 a00000013768 a00000013736 a00000013733 a00000013734 a00000013735 a00000013737 a00000013738 a00000013739 a00000013740 a00000013741 a00000013742 a00000013743 a00000013744 a00000013745 a00000013746 a00000013747 a00000013748 a00000013749 a00000013750 a00000013751 a00000013752 a00000013753 a00000013754 a00000013755 a00000013756 a00000013757 a00000013758 a00000013759 a00000013760 a00000013761 a00000013762 a00000013763 a00000013764 a00000013765 a00000013766 a00000013767 a00000013768 a00000013735 a00000013733 a00000013734 a00000013736 a00000013737 a00000013738 a00000013739 a00000013740 a00000013741 a00000013742 a00000013743 a00000013744 a00000013745 a00000013746 a00000013747 a00000013748 a00000013749 a00000013750 a00000013751 a00000013752 a00000013753 a00000013754 a00000013755 a00000013756 a00000013757 a00000013758 a00000013759 a00000013760 a00000013761 a00000013762 a00000013763 a00000013764 a00000013765 a00000013766 a00000013767 a00000013768 a00000013734 a00000013733 a00000013735 a00000013736 a00000013737 a00000013738 a00000013739 a00000013740 a00000013741 a00000013742 a00000013743 a00000013744 a00000013745 a00000013746 a00000013747 a00000013748 a00000013749 a00000013750 a00000013751 a00000013752 a00000013753 a00000013754 a00000013755 a00000013756 a00000013757 a00000013758 a00000013759 a00000013760 a00000013761 a00000013762 a00000013763 a00000013764 a00000013765 a00000013766 a00000013767 a00000013768